[Event "Benidorm op U2000 16th"]
[Site "Benidorm"]
[Date "2017.12.02"]
[Round "2"]
[White "Blasco Marques, Salvador"]
[Black "Keleberda, Tymur"]
[Result "0-1"]
[WhiteElo "1994"]
[BlackElo "1832"]
[WhiteFideId "-1"]
[BlackFideId "-1"]
[PlyCount "72"]
[GameId "1211398346629120"]
[EventDate "2017.12.01"]
[EventType "swiss"]
[EventRounds "10"]
[EventCountry "ESP"]
[SourceTitle "EXT 2019"]
[Source "ChessBase"]
[SourceDate "2018.10.10"]
[SourceVersion "1"]
[SourceVersionDate "2018.10.10"]
[SourceQuality "1"]

1. Nc3 e6 2. e4 d5 3. d4 Bb4 4. Bd2 Ne7 5. exd5 exd5 6. Bd3 Nbc6 7. Nce2 Bxd2+ 8. Qxd2 h6 9. c3 Qd6 10. Ng3 Be6 11. Nf3 O-O-O 12. a4 f5 13. a5 f4 14. Nh5 g5 15. h3 Bf5 16. b4 Qg6 17. Bxf5+ Nxf5 18. g4 Rhe8+ 19. Kf1 Nd6 20. Kg2 Nc4 21. Qc1 Re2 22. Re1 Rde8 23. a6 b5 24. Rxe2 Rxe2 25. Nxf4 gxf4 26. Qxf4 Qc2 27. Qxh6 Rxf2+ 28. Kg3 Rg2+ 29. Kf4 Qe4+ 30. Kg5 Qe3+ 31. Kh5 Qxf3 32. Qxc6 Qxh3+ 33. Kg6 Qxg4+ 34. Kf7 Rf2+ 35. Ke7 Qg7+ 36. Ke8 Rf8# 0-1

[Event "EU-ch U12 27th"]
[Site "Mamaia"]
[Date "2017.09.05"]
[Round "1"]
[White "Theocharous, Vassilis"]
[Black "Keleberda, Tymur"]
[Result "0-1"]
[WhiteElo "1315"]
[BlackElo "1798"]
[WhiteFideId "-1"]
[BlackFideId "-1"]
[PlyCount "42"]
[GameId "1160655367979008"]
[EventDate "2017.09.05"]
[EventType "swiss"]
[EventRounds "9"]
[EventCountry "ROU"]
[SourceTitle "CBM 180 Extra"]
[Source "ChessBase"]
[SourceDate "2017.10.06"]
[SourceVersion "1"]
[SourceVersionDate "2017.10.06"]
[SourceQuality "1"]

1. e4 e6 2. d4 d5 3. exd5 exd5 4. Nc3 Nf6 5. Nf3 Be7 6. Be2 O-O 7. O-O b6 8. b3 Bb7 9. Bb2 Nbd7 10. Re1 c5 11. Nb5 a6 12. Na3 Ne4 13. Bd3 Ndf6 14. Nb1 Rc8 15. Nbd2 Re8 16. Re2 b5 17. c3 cxd4 18. Nxd4 Nxc3 19. Bxc3 Rxc3 20. Bc2 Qc8 21. Kf1 Ne4 0-1

[Event "EU-ch U12 27th"]
[Site "Mamaia"]
[Date "2017.09.07"]
[Round "3"]
[White "Yagci, Yusuf Batin"]
[Black "Keleberda, Tymur"]
[Result "1/2-1/2"]
[WhiteElo "1637"]
[BlackElo "1798"]
[WhiteFideId "-1"]
[BlackFideId "-1"]
[PlyCount "34"]
[GameId "1161022984933376"]
[EventDate "2017.09.05"]
[EventType "swiss"]
[EventRounds "9"]
[EventCountry "ROU"]
[SourceTitle "CBM 180 Extra"]
[Source "ChessBase"]
[SourceDate "2017.10.06"]
[SourceVersion "1"]
[SourceVersionDate "2017.10.06"]
[SourceQuality "1"]

1. d4 Nf6 2. Nf3 c5 3. c3 e6 4. Bf4 Nc6 5. e3 cxd4 6. exd4 Be7 7. Bd3 b6 8. O-O Bb7 9. h3 O-O 10. Nbd2 Nd5 11. Bh2 f5 12. Ne5 Nxe5 13. Bxe5 Qe8 14. Bc4 Qg6 15. Qf3 Bc6 16. Qg3 Qxg3 17. fxg3 Nf6 1/2-1/2

[Event "EU-ch U12 27th"]
[Site "Mamaia"]
[Date "2017.09.08"]
[Round "4"]
[White "Keleberda, Tymur"]
[Black "Nareks, Matic"]
[Result "1-0"]
[WhiteElo "1798"]
[BlackElo "1660"]
[WhiteFideId "-1"]
[BlackFideId "-1"]
[PlyCount "68"]
[GameId "1162393167667200"]
[EventDate "2017.09.05"]
[EventType "swiss"]
[EventRounds "9"]
[EventCountry "ROU"]
[SourceTitle "CBM 180 Extra"]
[Source "ChessBase"]
[SourceDate "2017.10.06"]
[SourceVersion "1"]
[SourceVersionDate "2017.10.06"]
[SourceQuality "1"]

1. e4 c5 2. Nf3 Nc6 3. c3 d6 4. d4 Nf6 5. d5 Ne5 6. Nxe5 dxe5 7. f3 e6 8. Bb5+ Bd7 9. Bxd7+ Qxd7 10. c4 b5 11. b3 a5 12. Nc3 b4 13. Na4 Rb8 14. Be3 exd5 15. cxd5 Qc7 16. Rc1 Nd7 17. O-O Bd6 18. Rf2 Rc8 19. Rfc2 Qa7 20. Kh1 O-O 21. Qg1 f5 22. exf5 Rxf5 23. Nxc5 Nxc5 24. Bxc5 Bxc5 25. Rxc5 Rxc5 26. Rxc5 Rf8 27. d6 a4 28. Rxe5 Qxg1+ 29. Kxg1 axb3 30. axb3 Rd8 31. Rd5 Kf7 32. Rd4 Ke6 33. Kf2 Rxd6 34. Rxd6+ Kxd6 1-0

[Event "EU-ch U12 27th"]
[Site "Mamaia"]
[Date "2017.09.09"]
[Round "5"]
[White "Melkonyan, Arshak"]
[Black "Keleberda, Tymur"]
[Result "0-1"]
[WhiteElo "2064"]
[BlackElo "1798"]
[WhiteFideId "-1"]
[BlackFideId "-1"]
[PlyCount "29"]
[GameId "1166465384534016"]
[EventDate "2017.09.05"]
[EventType "swiss"]
[EventRounds "9"]
[EventCountry "ROU"]
[SourceTitle "EXT 2018"]
[Source "ChessBase"]
[SourceDate "2017.10.13"]
[SourceVersion "1"]
[SourceVersionDate "2017.10.13"]
[SourceQuality "1"]

1. c4 Nf6 2. d4 e6 3. Nc3 b6 4. f3 d5 5. cxd5 exd5 6. e3 Bb7 7. Bd3 Be7 8. Nge2 Nbd7 9. O-O O-O 10. e4 dxe4 11. fxe4 c5 12. d5 Ne5 13. Ng3 c4 14. Be2 Rc8 15. Nf5 0-1

[Event "EU-ch U12 27th"]
[Site "Mamaia"]
[Date "2017.09.11"]
[Round "6"]
[White "Keleberda, Tymur"]
[Black "Musyuk, Lior"]
[Result "0-1"]
[WhiteElo "1798"]
[BlackElo "2087"]
[WhiteFideId "-1"]
[BlackFideId "-1"]
[PlyCount "36"]
[GameId "1162393171218432"]
[EventDate "2017.09.05"]
[EventType "swiss"]
[EventRounds "9"]
[EventCountry "ROU"]
[SourceTitle "CBM 180 Extra"]
[Source "ChessBase"]
[SourceDate "2017.10.06"]
[SourceVersion "1"]
[SourceVersionDate "2017.10.06"]
[SourceQuality "1"]

1. d3 c5 2. g3 Nc6 3. Bg2 g6 4. e4 Bg7 5. Ne2 d6 6. O-O e6 7. c3 d5 8. exd5 exd5 9. Re1 Nge7 10. Bf4 O-O 11. Qd2 Bf5 12. Na3 a6 13. Rad1 b5 14. Nc2 Re8 15. b3 Bf8 16. c4 Rc8 17. Kf1 dxc4 18. bxc4 bxc4 {...} 0-1

[Event "EU-ch U12 27th"]
[Site "Mamaia"]
[Date "2017.09.12"]
[Round "7"]
[White "Fernandez Lopez, Ruben"]
[Black "Keleberda, Tymur"]
[Result "1/2-1/2"]
[WhiteElo "2020"]
[BlackElo "1798"]
[WhiteFideId "-1"]
[BlackFideId "-1"]
[PlyCount "131"]
[GameId "1166455797817344"]
[EventDate "2017.09.05"]
[EventType "swiss"]
[EventRounds "9"]
[EventCountry "ROU"]
[SourceTitle "EXT 2018"]
[Source "ChessBase"]
[SourceDate "2017.10.13"]
[SourceVersion "1"]
[SourceVersionDate "2017.10.13"]
[SourceQuality "1"]

1. e4 e6 2. d4 d5 3. Nd2 c5 4. exd5 Qxd5 5. Ngf3 cxd4 6. Bc4 Qd8 7. O-O Nc6 8. Nb3 Nf6 9. Nbxd4 Nxd4 10. Nxd4 Bc5 11. Be3 O-O 12. Bd3 Bb6 13. c3 e5 14. Nc2 e4 15. Be2 Bxe3 16. Nxe3 Be6 17. Bc4 Bxc4 18. Nxc4 Qc7 19. Qe2 Rac8 20. Ne3 Qc5 21. c4 h6 22. b3 Rfd8 23. Rfd1 Qe5 24. h3 a6 25. Rac1 b5 26. Rxd8+ Rxd8 27. c5 Nh5 28. Ng4 Nf4 29. Qe3 Qf5 30. c6 h5 31. c7 Rc8 32. Rc5 Qd7 33. Nh6+ gxh6 34. Qxf4 Qe7 35. Qf5 Rxc7 36. Rxc7 Qxc7 37. Qxe4 Kg7 38. g3 Qc1+ 39. Kg2 Qb2 40. Qf4 Qxa2 41. Qe5+ f6 42. Qe7+ Kg6 43. Qe6 Qa3 44. Qg8+ Kf5 45. Kf3 Ke5 46. Qf7 f5 47. g4 hxg4+ 48. hxg4 fxg4+ 49. Kxg4 Qd6 50. f4+ Ke4 51. Qf5+ Kd4 52. Qc2 Qe6+ 53. f5 Qg8+ 54. Kf3 h5 55. Qe4+ Kc5 56. b4+ Kd6 57. f6 Qb3+ 58. Kf4 Qc4 59. Qxc4 bxc4 60. Kg5 c3 61. Kg6 c2 62. f7 c1=Q 63. f8=Q+ Kc7 64. Kxh5 Qd1+ 65. Kg5 Qd2+ 66. Qf4+ 1/2-1/2

[Event "Varna op-C"]
[Site "Varna BUL"]
[Date "2016.06.29"]
[Round "3.3"]
[White "Vutev, Yordan"]
[Black "Keleberda, Tymur"]
[Result "1-0"]
[WhiteElo "1983"]
[BlackElo "1368"]
[WhiteFideId "-1"]
[BlackFideId "-1"]
[PlyCount "71"]
[GameId "2130307643847043"]
[EventDate "2016.06.27"]
[EventType "swiss"]
[EventRounds "9"]
[EventCountry "BUL"]
[SourceTitle "10 Days #476"]
[Source "Chess Mix"]

1. a3 d5 2. Nf3 e6 3. g3 c5 4. Bg2 Nc6 5. d4 Nf6 6. O-O cxd4 7. Nxd4 Bc5 8. Nxc6 bxc6 9. b4 Bb6 10. Bb2 O-O 11. c4 a5 12. c5 Bc7 13. Nd2 axb4 14. axb4 Rxa1 15. Qxa1 Qe7 16. e4 Rd8 17. exd5 cxd5 18. Nb3 e5 19. b5 Bb7 20. c6 Ra8 21. cxb7 Rxa1 22. Rxa1 Bb8 23. Na5 e4 24. Rc1 Bc7 25. b6 Bb8 26. Rc8+ Qf8 27. Bxf6 gxf6 28. Nc6 Bd6 29. b8=Q Bxb8 30. Rxb8 Qxb8 31. Nxb8 Kf8 32. Nc6 Ke8 33. b7 Kd7 34. b8=Q Kxc6 35. Qe8+ Kd6 36. Qxf7 1-0

[Event "Varna op-C"]
[Site "Varna BUL"]
[Date "2016.07.05"]
[Round "9.1"]
[White "Keleberda, Tymur"]
[Black "Georgiev, Konstantin"]
[Result "0-1"]
[WhiteElo "1368"]
[BlackElo "1892"]
[WhiteFideId "-1"]
[BlackFideId "-1"]
[PlyCount "130"]
[GameId "2130307643847061"]
[EventDate "2016.06.27"]
[EventType "swiss"]
[EventRounds "9"]
[EventCountry "BUL"]
[SourceTitle "10 Days #476"]
[Source "Chess Mix"]

1. d4 Nf6 2. c4 e6 3. Nf3 b6 4. Nc3 Bb7 5. Bg5 h6 6. Bh4 Bb4 7. e3 g5 8. Bg3 Ne4 9. Qc2 d6 10. Bd3 f5 11. a3 Bxc3+ 12. bxc3 Nd7 13. Rg1 h5 14. h4 g4 15. Nd2 Ndf6 16. Bf4 Rg8 17. Nxe4 Bxe4 18. Bg5 Bxd3 19. Qxd3 Rf8 20. f3 Qd7 21. Qb1 a6 22. Bxf6 Rxf6 23. Kf2 Qg7 24. g3 gxf3 25. Qd1 Kd7 26. Qxf3 Rh8 27. Rg2 Qg4 28. Qb7 Qe4 29. Qxe4 fxe4+ 30. Ke2 Rhf8 31. a4 Rf3 32. d5 a5 33. Rd1 e5 34. Re1 Ke7 35. Rd1 Rg8 36. Rdg1 Rg4 37. Kd2 Kf6 38. Ke2 Kg6 39. Kd2 Kf5 40. Ke2 Rg7 41. Rf2 Kg4 42. Rxf3 exf3+ 43. Kf2 Kf5 44. Kxf3 Rg4 45. Ra1 Rxc4 46. Ra3 e4+ 47. Kf2 Rc5 48. c4 Rxc4 49. Ra2 Ke5 50. g4 hxg4 51. Kg3 Rc3 52. Kxg4 Rxe3 53. h5 Re1 54. h6 Rh1 55. Kg5 Kxd5 56. Kg6 e3 57. h7 Ke4 58. Kg7 Kf3 59. Ra1 Rxh7+ 60. Kxh7 e2 61. Kg6 Kf2 62. Kf5 e1=Q 63. Rxe1 Kxe1 64. Ke4 c6 65. Kf5 b5 0-1

[Event "Titled Tuesday 2026.05.26"]
[Site "chess.com INT"]
[Date "2026.05.26"]
[Round "1"]
[White "Nguyen, Thi Phuong Anh"]
[Black "Keleberda, Tymur"]
[Result "0-1"]
[WhiteElo "1804"]
[BlackElo "2357"]
[WhiteFideId "-1"]
[BlackFideId "-1"]
[PlyCount "196"]
[GameId "2316327587160728"]
[EventDate "2026.05.26"]
[EventType "swiss (blitz)"]
[EventRounds "11"]
[EventCountry "NET"]
[SourceTitle "Mega2026 Update 31"]
[Source "Chessbase"]
[SourceDate "2026.06.04"]
[SourceVersion "1"]
[SourceVersionDate "2026.06.04"]
[SourceQuality "1"]

1. c4 c5 2. Nc3 Nc6 3. g3 Nf6 4. Bg2 g6 5. e4 d6 6. Nge2 Nd4 7. O-O Bg7 8. d3 O-O 9. Rb1 a5 10. h3 Bd7 11. Be3 Ne8 12. Qd2 Bxh3 13. Bxd4 cxd4 14. Bxh3 dxc3 15. Nxc3 Nc7 16. d4 a4 17. b3 axb3 18. axb3 b5 19. Qd3 bxc4 20. bxc4 Ne6 21. Bxe6 fxe6 22. Nb5 Ra4 23. Ra1 Qa5 24. Rxa4 Qxa4 25. Rc1 Rc8 26. c5 Qa6 27. Qb3 dxc5 28. Rxc5 Rb8 29. Qc4 h5 30. Nc7 Qxc4 31. Rxc4 Kf7 32. Rc6 Bxd4 33. Nxe6 Bf6 34. Kg2 g5 35. Nc5 Rb2 36. e5 Bxe5 37. Nd3 Rb5 38. Rh6 Bg7 39. Rxh5 Rb3 40. Ne1 Kg6 41. Rh1 e5 42. Nc2 e4 43. Rd1 Bf8 44. Rd4 Kf5 45. Rd5+ Kf6 46. Ne3 Be7 47. Rf5+ Ke6 48. Ra5 Rb6 49. Ra4 Rb5 50. Rxe4+ Kf7 51. Nc4 Rc5 52. Kf3 Bf6 53. Ke2 Kg6 54. g4 Rc6 55. Ne3 Ra6 56. Nf5 Ra2+ 57. Kf3 Ra6 58. Kg2 Bd8 59. Re8 Bc7 60. Rg8+ Kf6 61. Rf8+ Kg6 62. Rc8 Bf4 63. Rc4 Kf6 64. Kf3 Ra2 65. Ke4 Ra3 66. Rc6+ Kf7 67. Rc7+ Bxc7 68. Nd4 Bf4 69. Nf5 Ra4+ 70. Nd4 Ra5 71. Nf5 Re5+ 72. Kd3 Re8 73. Nd4 Kf6 74. Kc4 Rd8 75. Kd3 Rc8 76. Nf5 Ra8 77. Ke4 Ra4+ 78. Kf3 Ra3+ 79. Kg2 Ra2 80. Nd4 Kg6 81. Nf3 Ra3 82. Ne5+ Kf6 83. Kf1 Ra4 84. Nc4 Rb4 85. Kg2 Rxc4 86. Kf3 Rc3+ 87. Ke2 Rc5 88. Kf1 Re5 89. Kg2 Re6 90. Kf1 Rd6 91. Kg2 Rc6 92. Kf1 Rc3 93. Kg2 Rb3 94. Kf1 Rf3 95. Kg2 Rc3 96. Kf1 Rc2 97. Kg2 Rc1 98. Kf3 Ke5 0-1

[Event "Titled Tuesday 2026.05.26"]
[Site "chess.com INT"]
[Date "2026.05.26"]
[Round "2"]
[White "Keleberda, Tymur"]
[Black "Svane, Frederik"]
[Result "1-0"]
[WhiteElo "2357"]
[BlackElo "2645"]
[WhiteFideId "-1"]
[BlackFideId "-1"]
[PlyCount "71"]
[GameId "2316327587218184"]
[EventDate "2026.05.26"]
[EventType "swiss (blitz)"]
[EventRounds "11"]
[EventCountry "NET"]
[SourceTitle "Mega2026 Update 31"]
[Source "Chessbase"]
[SourceDate "2026.06.04"]
[SourceVersion "1"]
[SourceVersionDate "2026.06.04"]
[SourceQuality "1"]

1. e4 c5 2. Nf3 Nc6 3. Bb5 Nf6 4. Qe2 g6 5. c3 a6 6. Ba4 b5 7. Bc2 d5 8. e5 Nh5 9. d4 Bg4 10. Be3 e6 11. O-O cxd4 12. cxd4 Qb6 13. Rd1 Ng7 14. h3 Bxf3 15. Qxf3 Be7 16. Nc3 Rc8 17. Rac1 O-O 18. h4 Bxh4 19. Qh3 Be7 20. g4 f6 21. exf6 Bxf6 22. Kg2 Bxd4 23. Re1 Bxe3 24. Rxe3 d4 25. Rh1 h5 26. gxh5 gxh5 27. Rg3 Qb7 28. Qxh5 Ne5+ 29. Be4 Rxf2+ 30. Kxf2 Qf7+ 31. Qxf7+ Kxf7 32. Rh7 d3 33. Rgxg7+ Kf6 34. Ke3 Nc4+ 35. Kf4 e5+ 36. Kg3 1-0

[Event "Titled Tuesday 2026.05.26"]
[Site "chess.com INT"]
[Date "2026.05.26"]
[Round "3"]
[White "Rustamov, Rustam"]
[Black "Keleberda, Tymur"]
[Result "1-0"]
[WhiteElo "2340"]
[BlackElo "2357"]
[WhiteFideId "-1"]
[BlackFideId "-1"]
[PlyCount "206"]
[GameId "2316327587341271"]
[EventDate "2026.05.26"]
[EventType "swiss (blitz)"]
[EventRounds "11"]
[EventCountry "NET"]
[SourceTitle "Mega2026 Update 31"]
[Source "Chessbase"]
[SourceDate "2026.06.04"]
[SourceVersion "1"]
[SourceVersionDate "2026.06.04"]
[SourceQuality "1"]

1. e4 c5 2. Nf3 d6 3. d4 cxd4 4. Nxd4 Nf6 5. Nc3 a6 6. a3 e5 7. Nf5 h6 8. Bc4 Bxf5 9. exf5 Qc8 10. Qd3 Nbd7 11. Nd5 Qc6 12. Be3 Rc8 13. Bb3 Nxd5 14. Bxd5 Qxc2 15. Qxc2 Rxc2 16. b4 Rc7 17. Rc1 Rxc1+ 18. Bxc1 b5 19. Bb7 Nb8 20. Be3 Be7 21. Ke2 Kd7 22. Rc1 Re8 23. Bb6 Bd8 24. Bc8+ Ke7 25. Ba7 Nd7 26. Bxa6 Bb6 27. Bxb5 Ra8 28. Bxb6 Nxb6 29. Rc7+ Kf6 30. Rc6 Nc8 31. a4 Kxf5 32. Ra6 Rb8 33. Bd7+ Ke4 34. Bxc8 Rxc8 35. Rxd6 Rc4 36. f3+ Kf5 37. Rb6 Rc2+ 38. Ke3 Rxg2 39. a5 Rxh2 40. a6 Ra2 41. b5 h5 42. Rb7 h4 43. Rxf7+ Kg6 44. Rc7 h3 45. Kd3 Ra3+ 46. Ke4 Ra5 47. Rc1 Rxb5 48. Ra1 Rb8 49. Rh1 Ra8 50. Rxh3 Rxa6 51. Kxe5 Ra5+ 52. Kf4 Kf6 53. Rh1 Ra4+ 54. Kg3 Ra7 55. Rd1 Re7 56. Rd6+ Kf7 57. Rd4 Re6 58. Kg4 Rf6 59. f4 Kg8 60. f5 Rf8 61. Kg5 Rf6 62. Rd7 Rf8 63. Rd6 Rf7 64. Re6 Rf8 65. Ra6 Kh8 66. Kg6 Rd8 67. Re6 Rf8 68. Rd6 Rg8 69. Rd7 Rf8 70. Re7 Rf6+ 71. Kg5 Rf8 72. Kf4 Kg8 73. Ke5 Rf6 74. Re6 Rf8 75. Rd6 Kh7 76. Rd7 Kg8 77. Re7 Kh8 78. Re6 Kg8 79. Rg6 Kh7 80. Kf4 Rf7 81. Rg2 Rf8 82. Kg5 Kg8 83. Rh2 Rf7 84. Re2 Rf8 85. Kg6 Rf7 86. Re6 Rf8 87. Ra6 Kh8 88. Kg5 Kg8 89. Ra7 Rf7 90. Ra8+ Rf8 91. Ra6 Rf7 92. f6 Rf8 93. fxg7 Kxg7 94. Ra7+ Kg8 95. Kg6 Rd8 96. Rg7+ Kh8 97. Rh7+ Kg8 98. Rg7+ Kh8 99. Rh7+ Kg8 100. Rh1 Rd6+ 101. Kf5 Rd8 102. Ke6 Rc8 103. Kd7 Kf8 1-0

[Event "Titled Tuesday 2026.05.26"]
[Site "chess.com INT"]
[Date "2026.05.26"]
[Round "4"]
[White "Deac, Bogdan Daniel"]
[Black "Keleberda, Tymur"]
[Result "1-0"]
[WhiteElo "2650"]
[BlackElo "2357"]
[WhiteFideId "-1"]
[BlackFideId "-1"]
[PlyCount "93"]
[GameId "2316327587464343"]
[EventDate "2026.05.26"]
[EventType "swiss (blitz)"]
[EventRounds "11"]
[EventCountry "NET"]
[SourceTitle "Mega2026 Update 31"]
[Source "Chessbase"]
[SourceDate "2026.06.04"]
[SourceVersion "1"]
[SourceVersionDate "2026.06.04"]
[SourceQuality "1"]

1. Nf3 d5 2. g3 Bg4 3. Bg2 Nd7 4. h3 Bxf3 5. Bxf3 c6 6. d3 e5 7. e4 dxe4 8. dxe4 Be7 9. h4 Ngf6 10. O-O Nc5 11. Qe2 Ne6 12. c3 O-O 13. Rd1 Qc7 14. Be3 a5 15. Nd2 Bc5 16. Nc4 Bxe3 17. Qxe3 b5 18. Nd6 Nd4 19. cxd4 Qxd6 20. Qc3 Rfe8 21. Rac1 Rac8 22. d5 b4 23. Qc4 c5 24. Qb5 h5 25. Qxa5 g6 26. Rc2 Nd7 27. Qb5 Rc7 28. b3 Rb8 29. Qe2 Nf6 30. Rdc1 Ne8 31. Qe3 Rb5 32. Kg2 Kg7 33. g4 hxg4 34. Bxg4 Nf6 35. Be2 Ra5 36. Bf3 Nd7 37. h5 Qf6 38. Bg4 gxh5 39. Bxh5 Rca7 40. Qg3+ Kf8 41. Bg4 Nb6 42. Rxc5 Qg5 43. Rxa5 Rxa5 44. Rc6 Na8 45. d6 Rxa2 46. d7 Ke7 47. Rc8 1-0

[Event "Titled Tuesday 2026.05.26"]
[Site "chess.com INT"]
[Date "2026.05.26"]
[Round "5"]
[White "Keleberda, Tymur"]
[Black "Keneshbekov, Elim"]
[Result "1-0"]
[WhiteElo "2357"]
[BlackElo "1998"]
[WhiteFideId "-1"]
[BlackFideId "-1"]
[PlyCount "76"]
[GameId "2316327587583320"]
[EventDate "2026.05.26"]
[EventType "swiss (blitz)"]
[EventRounds "11"]
[EventCountry "NET"]
[SourceTitle "Mega2026 Update 31"]
[Source "Chessbase"]
[SourceDate "2026.06.04"]
[SourceVersion "1"]
[SourceVersionDate "2026.06.04"]
[SourceQuality "1"]

1. d4 Nf6 2. c4 g6 3. Nc3 d5 4. Nf3 Bg7 5. Qb3 dxc4 6. Qxc4 O-O 7. e4 Bg4 8. Be2 Nc6 9. Be3 Nd7 10. Rd1 Bxf3 {has lost popularity (10...Nb6). verliert an Beliebtheit (10...Sb6).} 11. gxf3 e5 12. d5 Nd4 13. h4 h5 $146 (13... Nb6 14. Qd3 Qf6 15. Rh3 c6 16. dxc6 bxc6 17. h5 Rad8 18. h6 Bh8 19. Qb1 Rd6 {1-0 Prieto Aranguren,A (2272)-Carbone,D (2350) Titled Tuesday intern op 24th Jan Late Chess.com INT blitz 2023 (6)}) 14. f4 Nc2+ 15. Kd2 exf4 16. Bxf4 Nd4 17. Qxc7 Qf6 18. Bg5 Qxf2 19. Rdf1 Nb3+ 20. axb3 Qd4+ 21. Ke1 Be5 22. Qxd7 Bg3+ 23. Rf2 Qxf2+ 24. Kd1 Rac8 25. Rf1 Qd4+ 26. Bd2 Rc7 27. Qh3 Be5 28. Qd3 Rfc8 29. Qxd4 Bxd4 30. Kc2 Kg7 31. Kd3 Bf6 32. d6 Rc6 33. Bf4 Bxc3 34. bxc3 Rxc3+ 35. Kd4 Rc2 36. Be5+ Kf8 37. Bc4 Rd2+ 38. Ke3 Rxc4 1-0

[Event "Titled Tuesday 2026.05.26"]
[Site "chess.com INT"]
[Date "2026.05.26"]
[Round "6"]
[White "Mathurin, Nathaniel"]
[Black "Keleberda, Tymur"]
[Result "0-1"]
[WhiteElo "2055"]
[BlackElo "2357"]
[WhiteFideId "-1"]
[BlackFideId "-1"]
[PlyCount "62"]
[GameId "2316327587702308"]
[EventDate "2026.05.26"]
[EventType "swiss (blitz)"]
[EventRounds "11"]
[EventCountry "NET"]
[SourceTitle "Mega2026 Update 31"]
[Source "Chessbase"]
[SourceDate "2026.06.04"]
[SourceVersion "1"]
[SourceVersionDate "2026.06.04"]
[SourceQuality "1"]

1. d4 d5 2. Nf3 e6 3. c4 a6 4. cxd5 exd5 5. Nc3 Nc6 6. Bf4 Bd6 7. e3 Bxf4 8. exf4 Nge7 9. Be2 O-O 10. O-O Qd6 11. g3 f6 12. Re1 Bf5 13. Rc1 Rae8 14. Nh4 Bc8 15. Bd3 Nxd4 16. Bxh7+ Kxh7 17. Qxd4 b6 18. Rcd1 Bb7 19. Qd3+ Kg8 20. Rxe7 Rxe7 21. Nf5 Qd7 22. Nxe7+ Qxe7 23. Nxd5 Qf7 24. Ne3 Bf3 25. Rc1 Re8 26. b3 Kh8 27. h4 c5 28. Nc4 Qh5 29. Qd7 Bg4 30. Qc6 Re2 31. Rd1 Kh7 0-1

[Event "Titled Tuesday 2026.05.26"]
[Site "chess.com INT"]
[Date "2026.05.26"]
[Round "7"]
[White "Keleberda, Tymur"]
[Black "Makarian, Rudik"]
[Result "0-1"]
[WhiteElo "2357"]
[BlackElo "2551"]
[WhiteFideId "-1"]
[BlackFideId "-1"]
[PlyCount "202"]
[GameId "2316327587829506"]
[EventDate "2026.05.26"]
[EventType "swiss (blitz)"]
[EventRounds "11"]
[EventCountry "NET"]
[SourceTitle "Mega2026 Update 31"]
[Source "Chessbase"]
[SourceDate "2026.06.04"]
[SourceVersion "1"]
[SourceVersionDate "2026.06.04"]
[SourceQuality "1"]

1. e4 c5 2. Nf3 d6 3. c3 Nf6 4. h3 Nc6 5. Bd3 g6 6. Bc2 Bh6 7. O-O Qb6 8. Qe2 O-O 9. Na3 Be6 10. Nc4 Qa6 11. d3 Bxc1 12. Rfxc1 Bxc4 13. dxc4 e5 14. Rd1 Rad8 15. Rd2 Qb6 16. b3 Qc7 17. Rad1 Kg7 18. Nh2 h5 19. Nf1 Ne7 20. Ne3 Rd7 21. Rf1 Nc6 22. Bd1 Qd8 23. Qd3 Re8 24. Bf3 Nh7 25. g3 Ng5 26. Bg2 h4 27. f4 Nh7 28. f5 hxg3 29. Rf3 Qh4 30. Ng4 gxf5 31. Rxf5 Re6 32. Rf3 Rg6 33. Rxg3 Kf8 34. Rf2 Nd8 35. Rgf3 Ng5 36. Nxe5 dxe5 37. Qxd7 Nxf3+ 38. Rxf3 Qe7 39. Qf5 Kg7 40. Kh2 b6 41. Rg3 Qd6 42. Rxg6+ fxg6 43. Qf2 Ne6 44. Bf3 Nf4 45. Qe3 a5 46. Bg4 Kf6 47. Kg3 Qd3 48. Qxd3 Nxd3 49. Bd1 g5 50. h4 gxh4+ 51. Kxh4 Nc1 52. a4 Na2 53. Kg4 Nxc3 54. Bc2 Ne2 55. Bd1 Nd4 56. Kh4 Kg6 57. Kg4 Ne6 58. Kh4 Nf4 59. Kg4 Nh5 60. Kh4 Nf6 61. Bf3 Kh6 62. Bg2 Nd7 63. Kg4 Kg6 64. Bf3 Nf8 65. Kh4 Ne6 66. Bh5+ Kf6 67. Bg4 Nf4 68. Bf3 Nd3 69. Bd1 Ne1 70. Kg3 Kg5 71. Kf2 Nd3+ 72. Ke3 Nb4 73. Kf3 Kh4 74. Ke3 Kg3 75. Bh5 Nc2+ 76. Kd3 Nd4 77. Bd1 Kf2 78. Kc3 Ke3 79. Bh5 Kxe4 80. Bg6+ Ke3 81. Be8 e4 82. Bg6 Ne2+ 83. Kc2 Nf4 84. Bh7 Nd3 85. Bxe4 Nb4+ 86. Kc3 Kxe4 87. Kb2 Ke5 88. Ka3 Ke6 89. Kb2 Ke7 90. Ka3 Ke8 91. Kb2 Kf8 92. Ka3 Nc6 93. Kb2 Kf7 94. Ka2 Ke8 95. Ka3 Kd8 96. Ka2 Nb4+ 97. Kb1 Kc8 98. Kb2 Kb8 99. Ka1 Ka8 100. Kb1 Ka7 101. Kb2 Ka6 0-1

[Event "Titled Tuesday 2026.05.26"]
[Site "chess.com INT"]
[Date "2026.05.26"]
[Round "8"]
[White "Keleberda, Tymur"]
[Black "Silva Lucena, Cristian"]
[Result "1-0"]
[WhiteElo "2357"]
[BlackElo "2211"]
[WhiteFideId "-1"]
[BlackFideId "-1"]
[PlyCount "87"]
[GameId "2316327587874642"]
[EventDate "2026.05.26"]
[EventType "swiss (blitz)"]
[EventRounds "11"]
[EventCountry "NET"]
[SourceTitle "Mega2026 Update 31"]
[Source "Chessbase"]
[SourceDate "2026.06.04"]
[SourceVersion "1"]
[SourceVersionDate "2026.06.04"]
[SourceQuality "1"]

1. e4 c5 2. Nf3 d6 3. c3 Nf6 4. Bc4 Bg4 5. e5 Bxf3 6. Qxf3 dxe5 7. Qxb7 Nbd7 8. O-O g6 9. d3 Bg7 10. Nd2 O-O 11. Nf3 Qb6 12. Qa6 Ne8 13. Qa4 Rd8 14. Be3 Nd6 15. Bb3 Qc7 16. Rad1 Nb6 17. Qg4 e6 18. Qh3 c4 19. dxc4 Ndxc4 20. Bc1 a5 21. Bc2 Rxd1 22. Rxd1 Rd8 23. Re1 a4 24. Qh4 a3 25. bxa3 f6 26. Bb3 Qc6 27. a4 g5 28. Qg4 h6 29. h4 f5 30. Qh5 g4 31. Nh2 Qe8 32. Qxe8+ Rxe8 33. Nf1 f4 34. Nd2 Nxd2 35. Bxd2 Rd8 36. Bc1 Rc8 37. Kf1 Rxc3 38. Bb2 Rc5 39. Bxe6+ Kh7 40. Bxg4 Kg6 41. Ba3 Rc3 42. Bb4 Rc4 43. Bd6 Rxa4 44. Be6 1-0